| 000 | 00443cam a2200181ua 4500 | ||
|---|---|---|---|
| 001 | 3028 | ||
| 008 | 111128n ii |||gr||||Z||||||eng | ||
| 040 | _cMAIN | ||
| 082 | _a920 | ||
| 100 | _aGhose, Sisirkumar, | ||
| 245 | 1 | 1 |
_aRabindranath Tagore _cby Sisirkumar Ghose |
| 250 | _a1st. | ||
| 260 |
_aDelhi: _bSahitya Akademi,986. |
||
| 300 |
_a131p: _c23cm. |
||
| 653 | _aBiography | ||
| 653 | _aBiography of Rabindranath Tagore | ||
| 942 | _cBK | ||
| 999 |
_c2876 _d2876 |
||